[Event "DSOL 06 Liga Gr-B 1st"]
[Site "Playchess.com INT"]
[Date "2020.08.07"]
[Round "7.1"]
[White "Struck, Lasse"]
[Black "Gerlich, Luca"]
[Result "0-1"]
[WhiteElo "1805"]
[BlackElo "1624"]
[PlyCount "74"]
[EventDate "2020.06.22"]
[EventType "team-tourn (rapid)"]
[EventCountry "GER"]
[SourceTitle "EXT 2021"]
[Source "ChessBase"]
[SourceDate "2020.10.23"]
[SourceVersion "1"]
[SourceVersionDate "2020.10.23"]
[SourceQuality "1"]
[WhiteTeam "Essen Katernberg II"]
[BlackTeam "Gern SF II"]
[WhiteTeamCountry "GER"]
[BlackTeamCountry "GER"]

1. e4 c5 2. Nf3 e6 3. d4 cxd4 4. Nxd4 Nf6 5. Nc3 a6 6. e5 Ng8 7. Qg4 Qc7 8. Qg3 Ne7 9. Be3 Ng6 10. f4 d5 11. Bd3 Bb4 12. 0-0 Bxc3 13. bxc3 Qxc3 14. h4 0-0 15. h5 Ne7 16. f5 exf5 17. h6 Ng6 18. Bxf5 Nc6 19. Bxg6 hxg6 20. Qf4 gxh6 21. Rab1 g5 22. Qf2 Nxe5 23. Rb3 Qc7 24. Qg3 Qe7 25. Bc1 Nc4 26. Qf3 Be6 27. Qh5 Kh7 28. Rf5 Bxf5 29. Nxf5 Qe1+ 30. Kh2 Qe5+ 31. Rg3 Qxf5 32. Bxg5 Qg6 33. Qh4 Rg8 34. Bf4 Qe6 35. Rh3 Rg6 36. Rf3 Ne5 37. Re3 Ng4+ 0-1